IEEE internet computing

Saved in:
Bibliographic Details
Corporate Author: IEEE Computer Society
Format: Serial
Language:English
Published: Los Alamitos, Cal. : IEEE Institute of electrical and electronics, 1997-
Subjects:
Tags: Add Tag
No Tags, Be the first to tag this record!

MARC

LEADER 00000nas a2200000 i 4500
001 1/13409
008 001128c19979999 eng d
022 |a 10897801 
035 |l 10064609 
040 |a GR-MY-UA  |b gre  |e aacr 
041 0 |a eng 
082 0 |a 004.67805 
245 1 0 |a IEEE internet computing  |h [περιοδικό] 
246 3 3 |a Internet computing 
260 |a Los Alamitos, Cal. :   |b IEEE Institute of electrical and electronics,   |c 1997- 
300 |a v.;  |b ill.;  |c 28 cm. 
310 |a Bimonthly 
650 0 0 |a Internet  |x Periodicals. 
650 0 0 |a World Wide Web  |x Periodicals. 
650 0 0 |a Computer science  |x Periodicals. 
710 2 |a IEEE Computer Society. 
853 |a INST  |b SAMOS  |c SER 
922 |a 3ΕΛΗ  |b 200011  |c ΚΕΝΤΡΙΚΗ ΒΙΒΛΙΟΘΗΚΗ  |d SWETS